00828 2200265 4500001002100000005001700021008004100038020001800079035002400097082001100121090001800132100002600150245012600176250001200302260003700314300001900351500007600370650002000446700002400466700002300490850001500513980001300528985000600541999001500547YOGYA-0209000000929520090227021210.0 ind  a979-561-073-2 0010-020900000009295 a297.43 a297.43bYus K aYUSUF, Husen Muhammad aKeluarga muslim dan tantangannyacHusein Muhammad Yusuf ; penerjemah, H. Salim Basyarahil ; penyunting, Juariyah Muhammad aCet. 10 aJakartabGema Insani Pressc1995 a166 hlmc19 cm aJudul asli : Ahdaafu Al Usroti Fi Al Islam Wattiyaaraati Al-Madhooddati aKeluarga muslim aBasyarahil, H.Salim aMuhammad, Juariyah aYOPDYOG(B) a05-06-10 a1 a98P0108984